Statistiken für Region zu Land #3

Klicken Sie hier um das Quiz zu spielen!

Allgemein

  • Dieses Quiz wurde 154 mal gespielt
  • Das Durchschnittsergebnis liegt bei 12 aus 15

Antwortstatistiken

RegionLand% Korrekt
Baden-WürttembergDeutschland
98%
NordirlandVereinigtes Königreich
98%
TexasVereinigte Staaten
98%
ArkansasVereinigte Staaten
95%
OntarioKanada
93%
TasmanienAustralien
88%
AlbertaKanada
87%
PiemontItalien
84%
New South WalesAustralien
80%
LigurienItalien
77%
AragonienSpanien
69%
WestbengalenIndien
65%
GuadeloupeFrankreich
63%
JaliscoMexiko
45%
GautengSüdafrika
13%

Verteilung der Resultate

Perzentil nach korrekt beantworteten Fragen

Anzahl Personen mit jedem Resultat

Ihre Resultats-Entwicklung

Sie haben dieses Quiz noch nicht gespielt